000 00569nam a2200193Ia 4500
003 OSt
005 20250415160513.0
008 210210b1991 xxu||||| |||| 00| 0 eng d
040 _cAL
041 _aKannada
082 _aK894.8 SHIN
100 _a-
_9208405
245 _aShinappa Heggade samagra sahitya.
_bಶೀನಪ್ಪ ಹೆಗ್ಗಡೆ ಸಮಗ್ರ ಸಾಹಿತ್ಯ
260 _aUdupi
_bPolali Shinappa Heggade Janmashatabda Samiti
_c1991
300 _ax,464
690 _aKannada Miscellaneous
_9208406
906 _a045387
942 _2ddc
_cBK
999 _c94992
_d94992